000 00996nam a2200265Ia 4500
003 OSt
005 20220923222945.0
006 a|||||r|||| 00| 0
007 ta
008 tel
024 _a209,106
037 _cTextual
040 _aARTS
_cARTS
_btel
041 _2tel
_atel
082 _aO35,3N52,KV, 152M2
100 _aपंतजलि, के एन वाई; नरिसी, के वी
_9167238
245 0 _aखाकी वर्दियो का जंगल, अनु के वी नरिसी
246 _aKhākī vardiyo kā jangala, anu ke vī narisī
260 _aनई दिल्ली
_b अक्षर प्रका0
_c1982
300 _a158पृ0
_ccm.
650 _a तेलुगु साहित्य
_9156264
650 _aतेलुगु कहानी
942 _hO35,3N52,KV, 152M2
_cTEXL
_2CC
999 _c359693
_d359693